[Event "Novosibirsk November op"]
[Site "Novosibirsk"]
[Date "2009.11.24"]
[Round "6"]
[White "Glazkov, Leonid"]
[Black "Bragin, Mikhail"]
[Result "1-0"]
[WhiteElo "2144"]
[BlackElo "1760"]
[PlyCount "78"]
[EventDate "2009.11.16"]
[EventType "swiss"]
[EventRounds "9"]
[EventCountry "RUS"]
[SourceTitle "EXT 2011"]
[Source "ChessBase"]
[SourceDate "2010.11.26"]
[SourceVersion "1"]
[SourceVersionDate "2010.11.26"]
[SourceQuality "1"]

1. d4 Nf6 2. c4 g6 3. Nc3 Bg7 4. e4 d6 5. Bg5 0-0 6. Bd3 Nc6 7. Nge2 h6 8. Bh4 g5 9. Bg3 Bg4 10. f3 Bh5 11. d5 Nb4 12. Bb1 c6 13. a3 Na6 14. b4 cxd5 15. cxd5 Rc8 16. Qb3 Nd7 17. Bf2 b6 18. Bd4 Ne5 19. 0-0 Qd7 20. Ra2 g4 21. f4 Nc4 22. Bxg7 Kxg7 23. Ng3 Bg6 24. f5 Bh7 25. Bd3 b5 26. Nge2 Qb7 27. Kh1 Qb6 28. Nd1 f6 29. Bxc4 Rxc4 30. Ne3 Rxe4 31. Nd1 Re5 32. Ng3 Qd4 33. Rc2 Bg8 34. Nc3 Bxd5 35. Nxd5 Rxd5 36. Rc6 Nb8 37. Rc7 Re5 38. Nh5+ Kh7 39. Rc8 Rxc8 1-0

[Event "Novosibirsk November op"]
[Site "Novosibirsk"]
[Date "2009.11.19"]
[Round "3"]
[White "Bragin, Mikhail"]
[Black "Geraschenko, Vladimir"]
[Result "0-1"]
[WhiteElo "1760"]
[BlackElo "1853"]
[PlyCount "52"]
[EventDate "2009.11.16"]
[EventType "swiss"]
[EventRounds "9"]
[EventCountry "RUS"]
[SourceTitle "EXT 2011"]
[Source "ChessBase"]
[SourceDate "2010.11.26"]
[SourceVersion "1"]
[SourceVersionDate "2010.11.26"]
[SourceQuality "1"]

1. c4 e5 2. Nc3 Nf6 3. g3 Be7 4. Bg2 Nc6 5. Nf3 0-0 6. 0-0 Ne8 7. e3 f5 8. h4 e4 9. Nh2 Ne5 10. f3 Nxc4 11. fxe4 fxe4 12. Bxe4 c6 13. Rxf8+ Bxf8 14. Bc2 d5 15. d4 Bd6 16. Qh5 Nf6 17. Qf3 Qc7 18. Kg2 Be6 19. b3 Rf8 20. Nf1 Ne4 21. Qe2 Nxg3 22. Nxg3 Bxg3 23. Qd3 Rf2+ 24. Kg1 Bh2+ 25. Kh1 Qg3 26. Qxh7+ Kf8 0-1

[Event "Novosibirsk op 03"]
[Site "Novosibirsk"]
[Date "2009.03.23"]
[Round "4"]
[White "Tulupov, Mikhail"]
[Black "Bragin, Mikhail"]
[Result "1-0"]
[WhiteElo "1712"]
[BlackElo "1760"]
[PlyCount "56"]
[EventDate "2009.03.17"]
[EventType "swiss"]
[EventRounds "9"]
[EventCountry "RUS"]
[SourceTitle "EXT 2012"]
[Source "ChessBase"]
[SourceDate "2011.11.24"]
[SourceVersion "1"]
[SourceVersionDate "2011.11.24"]
[SourceQuality "1"]

1. d4 Nf6 2. c4 d6 3. Nf3 g6 4. Nc3 Bg7 5. e4 0-0 6. Be2 c6 7. h3 b6 8. d5 cxd5 9. exd5 Bb7 10. 0-0 Nbd7 11. Be3 Rc8 12. Qd2 Nc5 13. Bd3 Nxd3 14. Qxd3 Nd7 15. Nd4 Ne5 16. Qe2 Nxc4 17. Rad1 Nxe3 18. Qxe3 h5 19. Ncb5 a6 20. Na7 Bxd4 21. Qxd4 Rc2 22. a4 Qc7 23. b4 Rc4 24. Qd3 Rxb4 25. Rc1 Qd7 26. Nc6 Rxa4 27. f3 b5 28. Nd4 Rc4 1-0

[Event "Novosibirsk op 03"]
[Site "Novosibirsk"]
[Date "2009.03.20"]
[Round "3"]
[White "Bragin, Mikhail"]
[Black "Bakhtin, Andrei"]
[Result "1/2-1/2"]
[WhiteElo "1760"]
[BlackElo "1697"]
[PlyCount "36"]
[EventDate "2009.03.17"]
[EventType "swiss"]
[EventRounds "9"]
[EventCountry "RUS"]
[SourceTitle "EXT 2012"]
[Source "ChessBase"]
[SourceDate "2011.11.24"]
[SourceVersion "1"]
[SourceVersionDate "2011.11.24"]
[SourceQuality "1"]

1. c4 Nf6 2. d4 e6 3. Nc3 Bb4 4. Bd2 0-0 5. a3 Bxc3 6. Bxc3 Ne4 7. Qd3 f5 8. f3 Qh4+ 9. g3 Nxg3 10. hxg3 Qxh1 11. Kf2 Qh2+ 12. Bg2 f4 13. g4 Qh4+ 14. Kf1 e5 15. Nh3 h5 16. Be1 Qg5 17. gxh5 Nc6 18. Qg6 Rf6 1/2-1/2

[Event "Novosibirsk April op"]
[Site "Novosibirsk"]
[Date "2008.04.13"]
[Round "9"]
[White "Romanov, Viktor"]
[Black "Bragin, Mikhail"]
[Result "1-0"]
[WhiteElo "2015"]
[BlackElo "1842"]
[PlyCount "69"]
[EventDate "2008.04.05"]
[EventType "swiss"]
[EventRounds "9"]
[EventCountry "RUS"]
[SourceTitle "EXT 2010"]
[Source "ChessBase"]
[SourceDate "2010.11.25"]
[SourceVersion "1"]
[SourceVersionDate "2010.11.25"]
[SourceQuality "1"]

1. d4 Nf6 2. Bf4 d5 3. e3 Nc6 4. c3 g6 5. Bd3 Bg7 6. Nf3 0-0 7. Nbd2 a6 8. b4 b5 9. a4 Rb8 10. axb5 axb5 11. Qe2 Nh5 12. Bg3 Nxg3 13. hxg3 e5 14. Bxb5 Ne7 15. dxe5 Bg4 16. Qf1 c6 17. Bd3 Qc7 18. Rh4 h5 19. Rc1 Bxe5 20. Nxe5 Qxe5 21. Nf3 Qf6 22. Nd4 Ra8 23. f3 Bd7 24. Qe2 Ra3 25. Rh1 Rfa8 26. Kf2 Nf5 27. Rc2 Re8 28. Bxf5 Bxf5 29. Nxf5 Qxf5 30. Rd1 Qf6 31. Qd3 h4 32. Qd4 hxg3+ 33. Kxg3 Qg5+ 34. Kf2 Qh4+ 35. Qxh4 1-0